Ten skills you really need to succeed in college
Сохранить в:
| Главный автор: | |
|---|---|
| Формат: | Sách |
| Язык: | Undetermined |
| Опубликовано: |
McGraw-Hill
2003
|
| Предметы: | |
| Метки: |
Добавить метку
Нет меток, Требуется 1-ая метка записи!
|
| Thư viện lưu trữ: | Trung tâm Thư viện - Trường Đại học Công nghiệp TP. Hồ Chí Minh |
|---|
| LEADER | 00502nam a2200157Ia 4500 | ||
|---|---|---|---|
| 001 | UIH_05447 | ||
| 008 | 231011s9999 xx 000 0 und d | ||
| 082 | |a 378.17 | ||
| 100 | |a Langan, John | ||
| 245 | 0 | |a Ten skills you really need to succeed in college | |
| 245 | 0 | |c Langan, John | |
| 260 | |b McGraw-Hill | ||
| 260 | |c 2003 | ||
| 650 | |a Study skills; Phương pháp học; | ||
| 927 | |a Sách | ||
| 980 | |a Trung tâm Thư viện - Trường Đại học Công nghiệp TP. Hồ Chí Minh | ||